MARC

LEADER 00000nam^a2200000^a^4500
001 000182297
005 20250521000000.0
009 20260310102003.663
037 |a Acervo ITESO - Biblioteca 
041 |a ESP 
082 |a 980. 031  |b FAB 
100 |a Fabela, Isidro  |e (autor) 
245 1 4 |a Las doctrinas Monroe y Drago /  |c I. Fabela. 
264 4 |a México :  |b UNAM,  |c 1957, c1957 
300 |a 266 p. 
336 |a texto  |b txt  |2 rdacontenido 
337 |a sin mediación  |b n  |2 rdamedio 
338 |a volumen  |b nc  |2 rdasoporte 
649 |a XX 
650 |a Doctrina Drago 
650 |a Doctrina Monroe 
650 |a Panamericanismo 
650 |a Dependencia Económica -  |z Latinoamérica 
650 |a Independencia Política -  |z Latinoamérica 
650 |a Deuda Pública -  |x Aspectos Jurídicos 
650 |a Deuda Externa -  |x Aspectos Jurídicos 
650 |a Finanzas Públicas 
650 |a Conflictos Regionales -  |z Latinoamérica 
650 |a Conflictos Internacionales -  |z Latinoamérica 
650 |a Pacificación -  |z Latinoamérica 
650 |a Negociación y Mediación Política -  |z EUA 
650 |a Intervención (Derecho Internacional) -  |z EUA 
650 |a Tratados Comerciales Internacionales -  |z Latinoamérica 
650 |a Tratados Internacionales -  |z Latinoamérica 
650 |a Imperialismo -  |z EUA 
650 |a Política Exterior -  |z EUA 
650 |a Comercio Internacional -  |z Latinoamérica 
650 |a Relaciones Internacionales -  |z EUA-Latinoamérica 
650 |a Derecho Internacional -  |z América 
650 |a América -  |x Historia 
910 |a Fondo General 
920 |a Impresos - Libros 
930 |a Colección General 
905 |a 101 
901 |a 0500122148  |b IT1  |c ACC  |u 20250521 
902 |a https://opac.biblio.iteso.mx/vufind/Record/000182297